| 000 | 00974nam a2200313I 4500 | ||
|---|---|---|---|
| 001 | 6275 | ||
| 003 | BD-RjUL | ||
| 005 | 20211208234222.0 | ||
| 008 | 140109 1944 dcub 1 eng u | ||
| 035 | _a(BD-RjUL)6315 | ||
| 040 |
_cWSU _dBOS _aBD-RjUL _beng |
||
| 041 | _aeng | ||
| 082 | 0 | 4 |
_a387.7 _bVAG 1944 |
| 090 |
_aHE9776 _bF44 |
||
| 100 | 1 |
_aVan Zandt, J. Parker _q(John Parker), _d1894- _919741 |
|
| 245 | 1 | 4 |
_aThe geography of world air transport / _cJ. Parker Van Zandt. |
| 260 |
_aWashington, D.C. : _bThe Brookings institution, _cc1944. |
||
| 300 |
_a67 p. : _c24 cm. _bills. ; |
||
| 490 | 1 |
_aAmerica faces the air age, _vv.1. |
|
| 500 | _aIncludes index. | ||
| 504 | _aBibliographical foot-notes. | ||
| 650 | 0 |
_aAeronautics, Commercial. _911388 |
|
| 650 | 0 |
_aEconomic geography. _97860 |
|
| 650 | 0 |
_aAirways. _919742 |
|
| 710 | 2 |
_aBrookings Institution. _919744 |
|
| 830 | 0 |
_vv.1. _9156508 |
|
| 830 | 0 |
_aAmerica faces the air age, _9156509 |
|
| 942 |
_2ddc _cBK |
||
| 999 |
_c6275 _d6275 |
||